LIBRARY & INFORMATION CENTRE, KCAET, TAVANUR

ONLINE PUBLIC ACCESS CATALOGUE (OPAC)

Field testing and evaluation of a two layer soil water balance model (Record no. 15247)

MARC details
000 -LEADER
fixed length control field 00589nam a22001697a 4500
003 - CONTROL NUMBER IDENTIFIER
control field OSt
088 ## - REPORT NUMBER
Report number T 78
100 ## - MAIN ENTRY--AUTHOR NAME
Personal name MOHANAN C. K
245 ## - TITLE STATEMENT
Title Field testing and evaluation of a two layer soil water balance model
260 ## - PUBLICATION, DISTRIBUTION, ETC. (IMPRINT)
Place of publication Tavanur 1997
Name of publisher Kelappaji College of Agricultural Engineering and Technology
300 ## - PHYSICAL DESCRIPTION
Number of Pages 65
500 ## - GENERAL NOTE
General note Field testing and evaluation of a two layer soil water balance model
520 ## - SUMMARY, ETC.
Summary, etc Field testing and evaluation of a two layer soil water balance model
700 ## - ADDED ENTRY--PERSONAL NAME
Personal name Dr. Hajilal M. S (Guide)
942 ## - ADDED ENTRY ELEMENTS (KOHA)
Koha item type Theses
Holdings
Collection code Home library Current library Shelving location Full call number Accession Number Koha item type Public note
Reference KAUAET KAUAET Reference 631.587 MOH/FI T 78 Theses M.Tech Thesis
free website counter